Insights of genius : imagery and creativity in science and art /

Guardado en:
Autor Principal: Miller, Arthur I.
Formato: Libro
Idioma:English
Publicado: New York : Copernicus, c1996.
Materias:
Etiquetas: Agregar Etiqueta
Sin Etiquetas, Sea el primero en etiquetar este registro!
LEADER 01258nam a22002415a 4500
001 MAT.inmabb000137
008 960319s1996####nyua#####b####001#0#eng##
005 20160622121307.0
245 1 0 |a Insights of genius :  |b imagery and creativity in science and art /  |c Arthur I. Miller. 
260 |a New York :  |b Copernicus,  |c c1996. 
300 |a xxii, 482 p. :  |b il. ;  |c 25 cm. 
504 |a Incluye referencias bibliográficas (p. 447-465) e índice. 
505 0 |a 1. Common sense and scientific intuition -- 2. The intuition of atoms -- 3. Scientific methods -- 4. Faith in an ordered universe -- 5. Speaking realistically about science -- 6. The reasonable effectiveness of mathematics in physics -- 7. Scientific progress and metaphors -- 8. Visual imagery in scientific thought -- 9. Scientific creativity -- 10. Art, science, and the history of ideas -- Conclusion: The new sciences. 
020 |a 0387946713 
100 1 |a Miller, Arthur I. 
084 |a 00A99  |2 msc2000  |9 2000 
600 1 0 |a Einstein, Albert,  |d 1879-1955. 
600 1 7 |a Galilei, Galileo,  |d 1564-1642. 
600 1 7 |a Poincaré, Henri,  |d 1854-1912. 
600 1 7 |a Picasso, Pablo,  |d 1881-1973. 
600 1 7 |a Heisenberg, Werner,  |d 1901-1976. 
010 |a  96014094  
859 |h 00A99  |i M647  |p A-7840  |b BIB. MATEMATICA